000 00761cam a22002653a 4500
001 18305
003 PGUSA
005 20140828083405.0
008 060504s2006||||xxu|||||s|||||000 | eng d
040 _aPGUSA
_beng
042 _adc
050 4 _aBL
050 4 _aPB
100 1 _aRolleston, T. W.
_q(Thomas William),
_d1857-1920
245 1 0 _aKeltische Mythen en Legenden
_h[electronic resource] /
_cT. W. Rolleston
260 _bProject Gutenberg,
_c2006
506 _aPublic domain in the USA.
516 _aElectronic text
653 _aMythology, Celtic
653 _aCelts -- Religion
700 1 _aGoudsmit, Boudewijn Casper,
_d1849-1915
830 0 _aProject Gutenberg
_v18305
856 4 0 _uhttp://www.gutenberg.org/ebooks/18305
942 _cEB
999 _c247560
_d247560